<?xml version="1.0" encoding="UTF-8"?>
<collection xmlns="http://www.loc.gov/MARC21/slim">
 <record>
  <leader>01301nam a22002177a 4500</leader>
  <controlfield tag="001">NCT_148478</controlfield>
  <controlfield tag="008">230405b        xxu||||| |||| 00| 0 vie d</controlfield>
  <datafield tag="999" ind1=" " ind2=" ">
   <subfield code="c">7649</subfield>
   <subfield code="d">7649</subfield>
  </datafield>
  <datafield tag="020" ind1=" " ind2=" ">
   <subfield code="c">65000</subfield>
  </datafield>
  <datafield tag="082" ind1="0" ind2="4">
   <subfield code="2">23rd ed.</subfield>
   <subfield code="a">428</subfield>
   <subfield code="b">P337</subfield>
  </datafield>
  <datafield tag="100" ind1="1" ind2=" ">
   <subfield code="a">Pavlik, Cheryl</subfield>
  </datafield>
  <datafield tag="245" ind1="1" ind2="0">
   <subfield code="a">Interactions 1 :</subfield>
   <subfield code="b">Writing</subfield>
   <subfield code="c">Cheryl Pavlik, Margaret Keenan Segal</subfield>
  </datafield>
  <datafield tag="260" ind1=" " ind2=" ">
   <subfield code="a">Tp. Hồ Chí Minh</subfield>
   <subfield code="b">Tổng hợp Thành phố Hồ Chí Minh</subfield>
   <subfield code="c">2009</subfield>
  </datafield>
  <datafield tag="300" ind1=" " ind2=" ">
   <subfield code="a">135 p.</subfield>
   <subfield code="b">ill.</subfield>
   <subfield code="c">29 cm</subfield>
  </datafield>
  <datafield tag="520" ind1="3" ind2=" ">
   <subfield code="a">Mosaic Silver Edition is a fully integrated academic skills series that combines the best of print with the convenience of digital delivery. Language proficiencies are articulated from the beginning through advanced levels within each of the four language-skill strands. Chapter themes articulate across the four strands to systematically recycle content, vocabulary and grammar.</subfield>
  </datafield>
  <datafield tag="653" ind1=" " ind2=" ">
   <subfield code="a">Ngôn ngữ Anh</subfield>
  </datafield>
  <datafield tag="700" ind1="1" ind2=" ">
   <subfield code="a">Segal, Margaret Keenan</subfield>
  </datafield>
  <datafield tag="942" ind1=" " ind2=" ">
   <subfield code="2">ddc</subfield>
   <subfield code="c">BK</subfield>
  </datafield>
  <datafield tag="952" ind1=" " ind2=" ">
   <subfield code="0">0</subfield>
   <subfield code="1">0</subfield>
   <subfield code="2">ddc</subfield>
   <subfield code="4">0</subfield>
   <subfield code="6">428_000000000000000_P337</subfield>
   <subfield code="7">0</subfield>
   <subfield code="9">27499</subfield>
   <subfield code="a">000001</subfield>
   <subfield code="b">000001</subfield>
   <subfield code="d">2023-04-10</subfield>
   <subfield code="o">428 P337</subfield>
   <subfield code="p">MD.21763</subfield>
   <subfield code="r">2023-04-10</subfield>
   <subfield code="v">65000.00</subfield>
   <subfield code="w">2023-04-10</subfield>
   <subfield code="y">BK</subfield>
  </datafield>
  <datafield tag="952" ind1=" " ind2=" ">
   <subfield code="0">0</subfield>
   <subfield code="1">0</subfield>
   <subfield code="2">ddc</subfield>
   <subfield code="4">0</subfield>
   <subfield code="6">428_000000000000000_P337</subfield>
   <subfield code="7">0</subfield>
   <subfield code="9">27500</subfield>
   <subfield code="a">000001</subfield>
   <subfield code="b">000001</subfield>
   <subfield code="d">2023-04-10</subfield>
   <subfield code="o">428 P337</subfield>
   <subfield code="p">MD.21764</subfield>
   <subfield code="r">2023-04-10</subfield>
   <subfield code="v">65000.00</subfield>
   <subfield code="w">2023-04-10</subfield>
   <subfield code="y">BK</subfield>
  </datafield>
  <datafield tag="980" ind1=" " ind2=" ">
   <subfield code="a">Thư viện Trường Đại học Nam Cần Thơ</subfield>
  </datafield>
 </record>
</collection>
